000 00308nam a22001457a 4500
008 221206b ||||| |||| 00| 0 eng d
020 _a9781256086680
041 _aeng
080 _a51
082 _a51
100 _a23
101 _aMATE
245 _aGENERAL CHEMISTRY
_cPETRUCCI H R
942 _2udc
_cBK
999 _c59106
_d59106